Загрузка...

Marketing of Commercial Flowers-A Study in Palakkad and Thrissur Districts of Kerala

Библиографические подробности
Главный автор: K Sangeeetha
Формат: Ph.D Thesis
LEADER 00529nam a22001337a 4500
003 OSt
082 |a T-494 SAN 
100 |a K Sangeeetha 
245 |a Marketing of Commercial Flowers-A Study in Palakkad and Thrissur Districts of Kerala 
300 |a 102 
942 |2 ddc  |c TH 
999 |c 177289  |d 177289 
952 |0 0  |1 0  |2 ddc  |4 0  |6 T_494_SAN  |7 1  |8 REF  |9 182225  |a KAUCBV  |b KAUCBV  |c REF  |d 2015-01-31  |o T-494 SAN  |r 2015-01-31  |w 2015-01-31  |y TH 
952 |0 0  |1 0  |2 ddc  |4 0  |6 T_494_SAN  |7 1  |8 REF  |9 182226  |a KAUCBV  |b KAUCBV  |c REF  |d 2015-01-31  |o T-494 SAN  |r 2015-01-31  |w 2015-01-31  |y TH